Fray Luis de León: la poesía de la cárcel
Guardat en:
| Autor principal: | |
|---|---|
| Format: | Llibre |
| Idioma: | espanyol |
| Publicat: |
Santiago
Instituto Profesional de Santiago
1988
|
| Matèries: | |
| Etiquetes: |
Afegir etiqueta
Sense etiquetes, Sigues el primer a etiquetar aquest registre!
|
MARC
| LEADER | 00000nam a2200000 a 4500 | ||
|---|---|---|---|
| 001 | UCW8404 | ||
| 003 | CL-VaPUC | ||
| 008 | 880825e19880000CL |||||||||||||||||spa|d | ||
| 082 | 0 | 4 | |a 861.09 |b TOL |2 21 |
| 100 | 0 | |a Toledo Renner, Eugenia |e author |9 313563 | |
| 245 | 1 | 0 | |a Fray Luis de León: la poesía de la cárcel |
| 300 | |a 163 p | ||
| 942 | |c BK | ||
| 945 | |d 19880825 00:00:00 | ||
| 260 | |a Santiago |b Instituto Profesional de Santiago |c 1988 | ||
| 600 | 0 | 7 | |a LEON, FRAY LUIS DE |2 CL-VaPUC |9 255943 |
| 650 | 0 | |a Poesía española |9 264938 | |
| 650 | 0 | |a Historia y crítica |9 257407 | |
| 650 | 0 | |a Crítica e interpretación |9 255042 | |
| 583 | |a last modification |c 19880825 00:00:00 |k Rodrigo Vera | ||
| 999 | |c 220783 |d 220781 | ||
| 952 | |0 0 |1 0 |4 0 |6 861_090000000000000_TOL_1988 |7 0 |8 A |9 213419 |a BIBEDU |b BIBEDU |d 2019-11-15 |i 2817888 |o 861.09 TOL 1988 |p 2817888 |r 2019-11-15 |w 2019-11-15 |y BK |k LIT | ||